La disputa del nuevo mundo : historia de una polémica, 1750-1900 /
Estudio sobre el desarrollo del concepto de Nuevo Mundo, apelativo atribuido al continente americano, y las polémicas intelectuales que originó durante los siglos XVIII y XIX.
שמור ב:
| מחבר ראשי: | |
|---|---|
| מחברים אחרים: | |
| פורמט: | ספר |
| שפה: | ספרדית |
| יצא לאור: |
México :
Fondo de Cultura Económica,
1960, c1960
|
| סדרה: | (Sección de Obras de Historia)
|
| נושאים: | |
| תגים: |
אין תגיות, היה/י הראשונ/ה לתייג את הרשומה!
|
MARC
| LEADER | 00000nam^a2200000^a^4500 | ||
|---|---|---|---|
| 001 | 000102348 | ||
| 005 | 20250521000000.0 | ||
| 009 | 20260310093308.601 | ||
| 037 | |a Acervo ITESO - Biblioteca | ||
| 041 | |a ESP | ||
| 082 | |a 980. |b GER | ||
| 100 | |a Gerbi, Antonello |e (autor) | ||
| 245 | 1 | 3 | |a La disputa del nuevo mundo : |b historia de una polémica, 1750-1900 / |c A. Gerbi ; tr. por A. Alatorre. |
| 264 | 4 | |a México : |b Fondo de Cultura Económica, |c 1960, c1960 | |
| 300 | |a XIV, 681 p. | ||
| 336 | |a texto |b txt |2 rdacontenido | ||
| 337 | |a sin mediación |b n |2 rdamedio | ||
| 338 | |a volumen |b nc |2 rdasoporte | ||
| 440 | 1 | |a (Sección de Obras de Historia) | |
| 500 | |a Traducción de: La disputa del Nuovo Mondo | ||
| 520 | |a Estudio sobre el desarrollo del concepto de Nuevo Mundo, apelativo atribuido al continente americano, y las polémicas intelectuales que originó durante los siglos XVIII y XIX. | ||
| 649 | |a XX | ||
| 650 | |a América - |x Historia | ||
| 650 | |a Historia - |x Filosofía | ||
| 700 | |a Alatorre, Antonio |e (traducción) | ||
| 910 | |a Fondo Jesús Rodríguez | ||
| 920 | |a Impresos - Libros | ||
| 930 | |a Fondos Especiales | ||
| 905 | |a 113 | ||
| 901 | |a 0500037253 |b IT2 |c ESP |u 20250521 | ||
| 902 | |a https://opac.biblio.iteso.mx/vufind/Record/000102348 | ||